000 00822nam a22001937a 4500
999 _c21515
_d21515
003 OSt
005 20240911165814.0
008 240911b ||||| |||| 00| 0 eng d
040 _c0
082 _aDPer 621.317 Ie21 December 2022 v.37 n. 12 part 1&2.
100 _aTerbrack, Chirstoph.
_eauthor.
_960744
245 _aDesign and validation of the parallel enhanced commutation integrated nested multilevel inverter topology /
_cChirstoph Terbrack, Julia Stottner, and Christian Endisch.
260 _aNew York;
_b The Institute of Electrical and Electronics Engineers, Inc.,
_cDecember 2022.
300 _avolume 37, pages 15163-15174,
_billustration.
700 _aTerbrack, Chirstoph.
_eauthor.
_960744
700 _aStottner, Julia.
_eauthor.
_960745
700 _aEndisch, Christian.
_eauthor.
_960746
942 _2ddc
_cPER